[Event "Magyar bajnokság, döntõ"]
[Site "Budapest"]
[Date "2019.12.20"]
[Round "4.2"]
[White "Acs, Peter"]
[Black "Erdos, Viktor"]
[Result "1/2-1/2"]
[WhiteElo "2580"]
[BlackElo "2609"]
[PlyCount "85"]
[EventDate "2019.12.10"]
[EventType "k.o."]
[EventRounds "4"]
[EventCountry "HUN"]

{15'+5"} 1. e4 e5 2. Bc4 Nf6 3. d3 Nc6 4. Nc3 Na5 5. Nf3 Nxc4 6. dxc4 Bb4 7.
Qd3 Bxc3+ 8. Qxc3 d6 9. Qd3 b6 10. Bg5 Bb7 11. Nd2 h6 12. Bh4 g5 13. Bg3 Nh5
14. O-O-O Qf6 15. f3 Qe6 16. b3 Rf8 17. Nf1 f5 18. Ne3 fxe4 19. fxe4 Nf4 20.
Bxf4 exf4 21. Nd5 O-O-O 22. a4 Qe5 23. Kb1 Rde8 24. Rde1 a5 25. Qf3 Qg7 26. h3
Kb8 27. Rhf1 Qg6 28. Qd3 Rf7 29. Re2 Re5 30. Qd4 Qe6 31. Qd3 Rf8 32. Qd4 Re8
33. Rfe1 Qg6 34. Qd3 Qf7 35. Qd4 h5 36. Qd2 Qg6 37. Nc3 Bxe4 38. Nxe4 Rxe4 39.
Qd3 Rxe2 40. Rxe2 Qg8 41. Qd5 Rf8 42. Qc6 Qg7 43. Re8+ 1/2-1/2

[Event "Magyar bajnokság, döntõ"]
[Site "Budapest"]
[Date "2019.12.20"]
[Round "4.3"]
[White "Erdos, Viktor"]
[Black "Acs, Peter"]
[Result "1-0"]
[WhiteElo "2609"]
[BlackElo "2580"]
[PlyCount "85"]
[EventDate "2019.12.10"]
[EventType "k.o."]
[EventRounds "4"]
[EventCountry "HUN"]

{15'+5"} 1. Nf3 Nf6 2. c4 e6 3. Nc3 d5 4. e3 c5 5. d4 cxd4 6. exd4 Be7 7. cxd5
Nxd5 8. Bc4 Nxc3 9. bxc3 Qc7 10. Qe2 O-O 11. O-O Nd7 12. Bb2 Nf6 13. Ne5 b6 14.
f4 a6 15. a4 Bb7 16. f5 exf5 17. Rxf5 g6 18. Rf2 b5 19. Ba2 Bd5 20. Rxf6 Bxf6
21. Bxd5 Rae8 22. c4 bxc4 23. Bxc4 Rb8 24. Ba3 Bxe5 25. dxe5 Qb6+ 26. Qf2 Qxf2+
27. Kxf2 Rfc8 28. Bxa6 Rc2+ 29. Kg1 Rd8 30. Bf1 Rd5 31. Bd6 f6 32. a5 fxe5 33.
a6 Rxd6 34. a7 Rd8 35. a8=Q Rxa8 36. Rxa8+ Kg7 37. Ra7+ Kf6 38. Bd3 Rd2 39. Be4
h5 40. Ra6+ Kg5 41. g3 h4 42. Rxg6+ Kh5 43. g4# 1-0

[Event "Magyar bajnokság, döntõ"]
[Site "Budapest"]
[Date "2019.12.21"]
[Round "4.3"]
[White "Banusz, Tamas"]
[Black "Almasi, Zoltan"]
[Result "1/2-1/2"]
[WhiteElo "2621"]
[BlackElo "2691"]
[PlyCount "63"]
[EventDate "2019.12.10"]
[EventType "k.o."]
[EventRounds "4"]
[EventCountry "HUN"]

1. Nf3 Nf6 2. g3 c5 3. Bg2 g6 4. O-O Bg7 5. c4 Nc6 6. d4 cxd4 7. Nxd4 O-O 8.
Nc3 Qa5 9. e3 d6 10. Bd2 Bd7 11. b3 Rfc8 12. h3 Rab8 13. Nxc6 Bxc6 14. e4 Qd8
15. Qe2 Nd7 16. Rac1 a6 17. Nd5 e6 18. Nb4 a5 19. Nxc6 bxc6 20. Rfd1 c5 21. Be3
Qc7 22. Qd2 Ne5 23. Qxd6 Qxd6 24. Rxd6 a4 25. bxa4 Rb4 26. Rcd1 Bf6 27. Bf1
Rxa4 28. f4 Nf3+ 29. Kf2 Nd4 30. e5 Be7 31. Rd7 Rxa2+ 32. Rd2 1/2-1/2

[Event "Magyar bajnokság, döntõ"]
[Site "Budapest"]
[Date "2019.12.22"]
[Round "4.4"]
[White "Almasi, Zoltan"]
[Black "Banusz, Tamas"]
[Result "1-0"]
[WhiteElo "2691"]
[BlackElo "2621"]
[PlyCount "46"]
[EventDate "2019.12.10"]
[EventType "k.o."]
[EventRounds "4"]
[EventCountry "HUN"]

1. e4 e5 2. Nf3 Nf6 3. Nxe5 d6 4. Nf3 Nxe4 5. Bd3 Nf6 6. O-O Be7 7. c3 Bg4 8.
Bc2 O-O 9. d4 Re8 10. h3 Bh5 11. Re1 Nbd7 12. Bf4 c6 13. Nbd2 Nf8 14. Bh2 Ne6
15. Qb1 Bf8 16. Nh4 Nd5 17. Bxh7+ Kh8 18. Ndf3 g5 19. Ng6+ fxg6 20. Bxg6 Bxf3
21. Bxe8 Nef4 22. Bxf4 Nxf4 23. Qf5 Bxg2 1-0